| 000 | 01260naa a22003017a 4500 | ||
|---|---|---|---|
| 001 | BR9209930 | ||
| 003 | BR-BrBNA | ||
| 005 | 20240918180811.0 | ||
| 007 | ta | ||
| 008 | 230509b bl.||||| |||| 00| 0 por d | ||
| 040 |
_aBR-BrBNA _bpor _cBiblioteca Nacional de Agricultura |
||
| 041 | _a(Pt) | ||
| 072 |
_aL51 _b5217 |
||
| 090 | _aL51 BR9209930 | ||
| 100 | 1 | _aFranzolin Neto, R. | |
| 100 | 1 | _aAndrade, P. | |
| 111 | 1 |
_a16. Congresso Mundial de Buiatria; 6. Congresso Latino Americano de Buiatria _cSalvador, BA (Brazil) _d13-17 Aug 1990 |
|
| 245 | 1 | _aEfeitos de racoes com diferentes niveis de nitrogenio degradavel no rumen sobre os desaparecimentos in situ da materia seca, materia organica, proteina bruta e fibra em detergente neutro em bufalos | |
| 260 | 3 |
_aSalvador, BA (Brasil): _c1990. |
|
| 500 | _a16. Congresso Mundial de Buiatria; 6. Congresso Latino Americano de Buiatria Salvador, BA (Brasil): 1990. p. 343-348 (BR9209930-AM)L51 | ||
| 650 | _aBUFALO | ||
| 650 | _aRACAO | ||
| 650 | _aRUMEN | ||
| 650 | _aRUMINACAO | ||
| 773 | 0 |
_t16. Congresso Mundial de Buiatria; 6. Congresso Latino Americano de Buiatria _b _wL51 BR9209930 _gSalvador, BA (Brasil), 1990. p. 343-348 |
|
| 909 |
_a202404 _bLucia _c55 _dLucia Elande |
||
| 942 |
_cAM _2AGRIS |
||
| 999 |
_c322099 _d322099 |
||